Comportamiento del sector forestal durante el período 1950-1977/

Պահպանված է:
Մատենագիտական մանրամասներ
Հիմնական հեղինակ: Pérez, Samuel
Այլ հեղինակներ: Protti, Fernando
Ձևաչափ: Տեքստ
Հրապարակվել է: San José: OPSA
Ցուցիչներ: Ավելացրեք ցուցիչ
Չկան պիտակներ, Եղեք առաջինը, ով նշում է այս գրառումը!

MARC

LEADER 00000 a a2200000 04500
001 19178
003
040
090 |a 019000  
100 |a Pérez, Samuel  
245 |a Comportamiento del sector forestal durante el período 1950-1977/  |c Samuel Pérez 
260 |a San José:   |b OPSA  
300 |a 59 p.  
700 |a Protti, Fernando  
999 |c 2150  |d 2150